Normal view
MARC view
- The days of the tudors and stuarts
Entry Topical Term
001 - CONTROL NUMBER
- control field: 108416
003 - CONTROL NUMBER IDENTIFIER
- control field: NUST
005 - DATE AND TIME OF LATEST TRANSACTION
- control field: 20230201140608.0
008 - FIXED-LENGTH DATA ELEMENTS
- fixed length control field: 230201|| aca||aabn | a|a d
040 ## - CATALOGING SOURCE
- Original cataloging agency: NUST
- Transcribing agency: NUST
150 ## - HEADING--TOPICAL TERM
- Topical term or geographic name entry element: The days of the tudors and stuarts
670 ## - SOURCE DATA FOUND
- Source citation: Work cat.: (NUST)186952: C. B. Firth 108415, The days of the tudors and stuarts / , 1924
